| Поле | Название | Значение |
| |
Тип записи |
a |
| |
Библиографический уровень |
m |
| 001 |
Контрольный номер |
RU/SLIB/B/208703621 |
| 005 |
Дата корректировки |
20201206203841.9 |
| 010 |
Индекс ISBN |
__ |
| d |
Цена |
27-00 |
| 101 |
Язык документа |
__ |
| a |
Язык текста |
rus |
| 200 |
Заглавие и сведения об ответственности |
1_ |
| a |
Заглавие |
Литература классицизма в школьном изучении |
| e |
Сведения, относящиеся к заглавию |
пособие для учителей |
| f |
Первые сведения об ответственности |
С. А. Леонов |
| b |
Общее обозначение материала |
Текст |
| 210 |
Выходные данные |
__ |
| a |
Место издания |
М. |
| c |
Издательство |
Флинта |
| c |
Издательство |
Наука |
| d |
Дата издания |
1997 |
| 215 |
Физическое описание |
__ |
| a |
Объем |
160 с. |
| 320 |
Библиография |
__ |
| a |
Библиография |
Библиогр.: с. 155-158 |
| 600 |
Персоналии |
__ |
| a |
Персоналии (Фамилия) |
Ломоносов, М. В. |
| g |
Полное имя |
Михаил Васильевич |
| 600 |
Персоналии |
__ |
| a |
Персоналии (Фамилия) |
Кантемир, А. Д. |
| g |
Полное имя |
Антиох Дмитриевич |
| 600 |
Персоналии |
__ |
| a |
Персоналии (Фамилия) |
Державин, Г. Р. |
| g |
Полное имя |
Гаврила Романович |
| 600 |
Персоналии |
__ |
| a |
Персоналии (Фамилия) |
Радищев, А. Н. |
| g |
Полное имя |
Александр Николаевич |
| 600 |
Персоналии |
__ |
| a |
Персоналии (Фамилия) |
Фонвизин, Д. И. |
| g |
Полное имя |
Денис Иванович |
| 600 |
Персоналии |
__ |
| a |
Персоналии (Фамилия) |
Буало, Н. |
| g |
Полное имя |
Никола |
| 600 |
Персоналии |
__ |
| a |
Персоналии (Фамилия) |
Корнель, П. |
| g |
Полное имя |
Пьер |
| 600 |
Персоналии |
__ |
| a |
Персоналии (Фамилия) |
Мольер |
| 600 |
Персоналии |
__ |
| a |
Персоналии (Фамилия) |
Сумароков, А. П. |
| g |
Полное имя |
Александр Петрович |
| 606 |
Тематические рубрики |
__ |
| a |
Основная рубрика |
Образование. Педагогика |
| 606 |
Тематические рубрики |
__ |
| a |
Основная рубрика |
Методика преподавания учебных предметов |
| 606 |
Тематические рубрики |
__ |
| a |
Основная рубрика |
Литературоведение |
| 606 |
Тематические рубрики |
__ |
| a |
Основная рубрика |
Мировая литература |
| 610 |
Ключевые слова |
__ |
| a |
Ключевые слова |
русская литература; прозаики; французская литература; классицизм; писатели; поэты; персоналии; драматурги; публицисты; преподавание литературы; методика преподавания литературы; уроки литературы |
| 686 |
Индексы других классификаций |
__ |
| 2 |
Код системы |
rubbks |
| a |
Классификационный индекс |
74.268.39(=411.2) |
| 686 |
Индексы других классификаций |
__ |
| a |
Классификационный индекс |
83.3(0) |
| 700 |
Автор |
_1 |
| a |
Фамилия |
Леонов |
| b |
Имя |
С. А. |
| 4 |
Код отношения |
070 |
| 801 |
Источник записи |
_0 |
| a |
Страна |
RU |
| b |
Организация |
Муниципальное бюджетное учреждение культуры "Централизованная библиотечная система" г. Сургут (Центральная городская библиотека им. А. С. Пушкина) |
| g |
Правила каталогизации |
Об/Кундохова |
| 801 |
Источник записи |
_1 |
| a |
Страна |
RU |
| b |
Организация |
Муниципальное бюджетное учреждение культуры "Централизованная библиотечная система" г. Сургут (Центральная городская библиотека им. А. С. Пушкина) |
| g |
Правила каталогизации |
Об/Кундохова |
| 852 |
Данные о местонахождении |
__ |
| j |
Шифр хранения |
74.268.39(=411.2) |
| c |
Каталожный индекс |
74.268.3; 83.3(0) |
| i |
Авторский знак |
Л 47 |
| p |
Инвентарный номер |
69082 |
| 901 |
Тип документа |
__ |
| t |
Тип документа |
m |
| 903 |
Характеристики (МАРС) |
__ |
| a |
Дата передачи |
19980831 |
| 969 |
Тип издания |
__ |
| a |
Тип издания |
пособие |
| 990 |
Данные о заказе (DOS) |
00 |
| j |
Количество экземпляров (DOS) |
2 |
| v |
Состоит на ИУ (DOS) |
3 |